| 000 | 004220000a22001570004500 | ||
|---|---|---|---|
| 020 | _a0-87808-705-2 | ||
| 041 | 0 | _aENG | |
| 082 | 0 | 4 | _aG 266.04 R2887e |
| 245 | 1 | 0 | _aEvangelical missions quarterly / James W. Reapsome, Editor |
| 260 | _aPasadena, CA., USA : William Carey | ||
| 001 | 7638 | ||
| 942 | _cBK | ||
| 999 |
_c37844 _d37844 |
||
| 336 |
_atexto _btxt _2rdacontent |
||
| 337 |
_2rdamedia _asin mediación _bn |
||
| 338 |
_2rdacarrier _avolumen _bnc |
||